000 00911cam a2200217 4500
001 WB3702-10
008 000000n2001 000 0 eng u
035 _a(Sirsi) u110233
245 _aLawyers oppose seller's packs
260 _c2001
490 _aFinancial Times
_v8 January 2001, 4(1)
520 _aLaw Society attacks government plan to impose fines of up to £5,000 on sellers and estate agents who refuse to use the new seller's packs, designed to speed up the house-buying process. The Law Society believes that criminal law should not be used to enforce the scheme, and that the inclusion of a survey in the pack should be optional.
590 _aWB
650 _aSELLERS INFORMATION PACKS
650 _aPROPERTY-RESIDENTIAL PROPERTY-ACQUISITION AND DISPOSAL OF RESIDENTIAL PROPERTY
650 _aLAW SOCIETY
650 _aFINES
650 _aSURVEYS
690 _aHOUSING
942 _n0
999 _c65737
_d65737